Statistiques concernant Les plus gros transferts du football - Footballeurs brésiliens

Cliquez ici pour prendre le quiz!

Statistiques générales

  • Ce quiz a été pris 100 fois
  • Le résultat moyen est 9 sur 11

Statistiques - réponses

Montant de transfert (M €)SaisonVenant deAllantJoueur% Correct
2222017-2018BarceloneParis SGNeymar
100%
902023-2024Paris SGAl-HilalNeymar
100%
882013-2014SantosBarceloneNeymar
100%
1352017-2018LiverpoolBarcelonePhilippe Coutinho
95%
702022-2023Real MadridManchester UnitedCasemiro
88%
952022-2023AjaxManchester UnitedAntony
85%
672009-2010AC MilanReal MadridKakà
84%
602016-2017ChelseaShanghai SIPGOscar
79%
622018-2019AS RomaLiverpoolAlisson
74%
802020-2021BarcelonaJuventus TurinArthur Melo
72%
602023-2024Zenit S-PbAl-HilalMalcom
61%

Distribution des résultats

Percentile par nombre de réponses

% des personnes avec chaque résultat

Votre développement - résultats

Vous n’avez pas pris ce quiz